[Event "Bundesliga 9596"]
[Site "Germany"]
[Date "1996.??.??"]
[Round "?"]
[White "Ellers, Holger"]
[Black "Schmidt, Gerhardt"]
[Result "1/2-1/2"]
[WhiteElo "2310"]
[BlackElo "2240"]

1.d4 Nf6 2.c4 e6 3.g3 d5 4.Bg2 Be7 5.Nf3 O-O 6.O-O dxc4 7.Na3 c5 8.Nxc4 Nc6
9.dxc5 Bxc5 10.Bf4 Nd5 11.Nfe5 Nxe5 12.Nxe5 Nxf4 13.gxf4 Qb6 14.Qc2 Bd4 15.Nc4 Qc7
16.e3 Bxb2 17.Qxb2 Qxc4 18.Rac1 Qa6 19.Rc7 Rb8 20.Rd1 Qa5 21.Rdc1 b6 22.Qd4 Qxa2
23.Qe5 Qa5 24.Qxa5 bxa5 25.Rxa7 a4 26.Bf3 a3 27.Rcc7 e5 28.Kg2 Be6 29.Rxa3 exf4
30.exf4 Rbc8 31.Rca7 Rcd8 32.R3a5 g6 33.h4 Rd4 34.Kg3 Rb8 35.h5 Kg7 36.Re5 Kf6
37.hxg6 hxg6 38.Re4 Rd3 39.Re3 Rbb3 40.Rxd3 Rxd3 41.Kg2 Kf5 42.Ra4 Rc3 43.Be4+ Kg4
44.f3+ Kxf4 45.Bxg6+ Rc4 46.Rxc4+ Bxc4  1/2-1/2

[Event "Bundesliga 9596"]
[Site "Germany"]
[Date "1996.??.??"]
[Round "?"]
[White "Gruenenwald, Joerg"]
[Black "Hedke, Fred"]
[Result "0-1"]
[WhiteElo "2295"]
[BlackElo "2375"]

1.d4 d5 2.c4 e6 3.Nf3 Nf6 4.g3 Be7 5.Bg2 O-O 6.O-O dxc4 7.Ne5 Nc6 8.Nxc6 bxc6
9.e3 Nd5 10.Qa4 Nb6 11.Qc2 Rb8 12.Rd1 Bd7 13.Nd2 c5 14.dxc5 Bxc5 15.Nxc4 Nxc4
16.Qxc4 Bb5 17.Qc2 Bd6 18.b3 Qe7 19.Bb2 e5 20.Bc6 Ba6 21.Rd5 Bc8 22.Ra5 a6
23.Be4 h6 24.Bd3 Rb6 25.Qe2 Bb7 26.Qh5 Re8 27.Qg4 Bc8 28.Qe4 g6 29.Bc4 Kh7
30.Qd3 Bb7 31.Bd5 Bb4 32.Bxb7 Bxa5 33.Bxa6 Qd6 34.Qxd6 Rxd6 35.Bc4 Rd2 36.Rb1 f6
37.b4 Bxb4 38.Bxe5 Rxe5 39.Rxb4 Rc5 40.Bb3 Rf5 41.f4 Rc5 42.Bc4 Rc2 43.Bb3 Rd2
44.Bc4 Kg7 45.a4 f5 46.h3 Rc2 47.Bd3 Rd2 48.Bc4 h5 49.h4 Kf6 50.Kf1 Ke7 51.Kg1 Rc2
52.Bd3 R2c3 53.Rd4 Ra5 54.e4 c5 55.Rd5 fxe4 56.Bb5 Rxg3+ 57.Kh2 Rg4 58.Rxc5 Rxh4+
59.Kg3 Rg4+ 60.Kf2 Rxf4+ 61.Ke3 Rf5 62.Rc7+ Kf6 63.Kxe4 Rfxb5 64.axb5 Rxb5
65.Kf4 Rb4+ 66.Kg3 Kg5 67.Rc5+ Kh6 68.Rc6 h4+ 69.Kh3 Kh5 70.Rc5+ g5 71.Ra5 Rb3+
72.Kh2 h3 73.Ra8 Kh4 74.Ra4+ g4 75.Rc4 Rb2+ 76.Kh1 Re2 77.Ra4 Kg3 78.Ra3+ Kf4
79.Ra8 Kf3 80.Rf8+ Kg3 81.Rf1 Rf2 82.Ra1 Rf3 83.Rb1 Re3 84.Ra1 Kf3 85.Ra8 Re1+
86.Kh2 g3+  0-1

[Event "Hessenliga 9596"]
[Site "Germany"]
[Date "1996.??.??"]
[Round "?"]
[White "Schaefer, Michael"]
[Black "Buerger, Carsten"]
[Result "0-1"]
[WhiteElo "2190"]
[BlackElo "2235"]

1.d4 Nf6 2.c4 e6 3.g3 d5 4.Nf3 Be7 5.Bg2 O-O 6.O-O Nbd7 7.Qc2 c6 8.Rd1 Ne4
9.Nc3 f5 10.Rb1 Qe8 11.b4 Qh5 12.b5 Ndf6 13.bxc6 bxc6 14.Ne5 Bd6 15.Bf3 Qh3
16.Nxc6 Nxf2 17.Kxf2 Qxh2+ 18.Ke3 Qxg3 19.Qa4 Bd7 20.Rb7 Bxc6 21.Qxc6 Rac8
22.Qa6 Rxc4 23.Nb5 Ng4+  0-1

[Event "Bundesliga 9596"]
[Site "Germany"]
[Date "1996.??.??"]
[Round "?"]
[White "Schmidt, Peter"]
[Black "Meister, Peter"]
[Result "1/2-1/2"]
[WhiteElo "2405"]
[BlackElo "2385"]

1.Nf3 d5 2.d4 Nf6 3.c4 e6 4.g3 Be7 5.Bg2 O-O 6.O-O b6 7.cxd5 exd5 8.Nc3 Bb7
9.Ne5 c6 10.e4 Na6 11.exd5 Nxd5 12.Nxd5 cxd5 13.Qa4 Qe8 14.Qb3 Nc7 15.a4 Bf6
16.Re1 Ne6 17.Be3 Bxe5 18.dxe5 Qd7 19.Rad1  1/2-1/2

[Event "Bundesliga 9596"]
[Site "Germany"]
[Date "1996.??.??"]
[Round "?"]
[White "Sukharisingh, Ralf"]
[Black "Hedke, Fred"]
[Result "1-0"]
[WhiteElo "2305"]
[BlackElo "2375"]

1.d4 d5 2.c4 e6 3.Nf3 Nf6 4.g3 Be7 5.Bg2 O-O 6.O-O dxc4 7.Qc2 a6 8.Qxc4 b5
9.Qc2 Bb7 10.Bf4 Bd6 11.Nbd2 Nbd7 12.Rfd1 Rc8 13.Nb3 Qe7 14.Rac1 Bxf4 15.gxf4 Be4
16.Qd2 c5 17.dxc5 Nxc5 18.Qb4 Nd5 19.Rxd5 Nxb3 20.Qxe7 Rxc1+ 21.Bf1 Bxd5
22.axb3 Bxf3 23.exf3 Rd1 24.Qa3 Ra8 25.Kg2 Rd5 26.Qe7 Rad8 27.f5 exf5 28.Kg3 R5d6
29.h4 h6 30.h5 R8d7 31.Qe8+ Kh7 32.Qc8 g6 33.Bh3 Rd8 34.Qc5 R8d7 35.Bg2 Rd5
36.hxg6+ fxg6 37.Qf8 Rd4 38.f4 Rd3+ 39.Kh2 R3d4 40.Bc6 Rg7 41.Qa3 Rc7 42.Kg3 Rd3+
43.Kg2 Rd8 44.Qa5 Rdc8 45.Bd5 Ra7 46.Qb6 Rcc7 47.Qb8 Rg7 48.Bg8+  1-0

[Event "Bundesliga 9697"]
[Site "Germany"]
[Date "1996.??.??"]
[Round "?.7"]
[White "Kinsman, Andrew PH"]
[Black "Hedke, Fred"]
[Result "1-0"]
[WhiteElo "2400"]
[BlackElo "2380"]

1.d4 d5 2.Nf3 Nf6 3.c4 e6 4.g3 Be7 5.Bg2 O-O 6.O-O dxc4 7.Qc2 a6 8.Qxc4 b5
9.Qc2 Bb7 10.Bg5 Nbd7 11.Nbd2 Rc8 12.Bxf6 Nxf6 13.Nb3 Be4 14.Qc3 Nd7 15.Rfd1 c6
16.Rac1 Bd5 17.Ne1 Bxg2 18.Kxg2 Nf6 19.Qf3 Qb6 20.Nd3 Nd7 21.Rc2 Rc7 22.Rdc1 Rfc8
23.e3 h6 24.Nbc5 Nxc5 25.Nxc5 a5 26.b3 Bf6 27.h4 Rd8 28.Nd3 Rd5 29.Nf4 Rd6
30.Rc5 Be7 31.Kh3 Qb7 32.Kg2 Qc8 33.a4 bxa4 34.bxa4 Qa6 35.Qe2 Qb6 36.Qc2 Bf8
37.Nd3 f6 38.Qc3 Rd5 39.Rxc6 Rxc6 40.Qxc6 Qxc6 41.Rxc6 e5 42.Kf3 exd4 43.Ke4 Rd7
44.exd4 Re7+ 45.Kd5 Re2 46.Ra6 Rd2 47.Kc4 Bb4 48.Nxb4 axb4 49.Rb6 Rxf2 50.Rxb4 g5
51.hxg5 fxg5 52.a5 Ra2 53.Kb5 h5 54.a6 h4 55.gxh4 gxh4 56.Ra4  1-0

[Event "Bundesliga 9697"]
[Site "Germany"]
[Date "1996.??.??"]
[Round "?.5"]
[White "Schmidt, Peter"]
[Black "Donev, Ivo Hristov"]
[Result "1/2-1/2"]
[WhiteElo "2410"]
[BlackElo "2400"]

1.Nf3 d5 2.d4 Nf6 3.c4 e6 4.g3 Be7 5.Bg2 O-O 6.O-O dxc4 7.Qc2 a6 8.Qxc4 b5
9.Qc2 Bb7 10.Bg5 Nbd7 11.Bxf6 Nxf6 12.Nbd2 Rc8 13.Nb3 Be4 14.Qc3 Nd5 15.Qa5 c6
16.Qxd8 Rfxd8 17.Rac1 f6 18.Ne1 Bg6 19.Na5 c5 20.dxc5 Bxc5 21.Nf3 Bb6 22.Nc6 Rd6
23.Nfe5 Kf8 24.e4 fxe5 25.exd5 e4 26.Bh3 Bf5 27.Bxf5 exf5 28.Rcd1 Kf7 29.Kg2 Kf6
30.Rfe1 Re8 31.Re2 g5 32.Rc2 f4 33.Kf1 a5 34.b4 a4 35.Rc5 Bxc5 36.bxc5 Rxc6
37.dxc6 Rc8 38.Rd6+ Ke5 39.a3 Rc7 40.Ke2 Kf5 41.h3 Ke5 42.Kd2 e3+ 43.Ke2 exf2
44.Kxf2 Ke4 45.gxf4 gxf4 46.h4 h5 47.Rh6 Ra7 48.Rxh5 b4 49.axb4 a3 50.c7 Rxc7
51.Rh8 Ra7 52.Re8+ Kd5 53.Re1 Kc4 54.Kf3 Kxb4 55.Kxf4 Rc7 56.Re4+ Kb3 57.Re3+ Kb2
58.Re2+ Kb1  1/2-1/2

[Event "Bundesliga 9697"]
[Site "Germany"]
[Date "1996.??.??"]
[Round "?.1"]
[White "Kabatianski, Alexandr"]
[Black "Almasi, Zoltan"]
[Result "1/2-1/2"]
[WhiteElo "2440"]
[BlackElo "2655"]

1.d4 Nf6 2.c4 e6 3.g3 d5 4.Bg2 Be7 5.Nf3 O-O 6.O-O Nbd7 7.Qc2 c6 8.b3 b6
9.Rd1 Ba6 10.Nbd2 Rc8 11.e4 c5 12.exd5 exd5 13.Bb2 Bb7 14.Rac1 dxc4 15.Qxc4 cxd4
16.Qxd4 Rxc1 17.Rxc1 Nc5 18.Ne5 Bxg2 19.Kxg2 Qa8+ 20.Ndf3 a5 21.Qc4 Nfe4  1/2-1/2

[Event "Giessen op"]
[Site "Giessen"]
[Date "1996.??.??"]
[Round "4"]
[White "Boidman, Yuri"]
[Black "Keuth, Gerd Erich"]
[Result "1-0"]
[WhiteElo "2325"]
[BlackElo "2160"]

1.Nf3 Nf6 2.d4 d5 3.c4 e6 4.g3 Be7 5.Bg2 O-O 6.O-O c5 7.cxd5 exd5 8.b3 Nc6
9.Bb2 Ne4 10.dxc5 Bf6 11.Bxf6 Qxf6 12.Na3 Be6 13.Nb5 Rfd8 14.Rc1 Qe7 15.Nbd4 Nxc5
16.Nxc6 bxc6 17.Qd4 Na6 18.Rxc6 Nb4 19.Rc5 Nxa2 20.Ne5 Rac8 21.Nc6 Qd6 22.Nxd8 Qxc5
23.Nxe6 fxe6 24.Qe5 Qb6 25.Bh3 Rc6 26.Rd1 Nc3 27.Bxe6+ Rxe6 28.Qxc3 Rxe2
29.Qc8+ Kf7 30.Qf5+ Ke7 31.Rxd5 Qe6 32.Qd3 Re1+ 33.Kg2 Re5 34.Rxe5 Qxe5  1-0

[Event "Goetzis-A"]
[Site "Goetzis"]
[Date "1996.??.??"]
[Round "7"]
[White "Kelecevic, Nedeljko"]
[Black "Dorner, Guenther"]
[Result "1-0"]
[WhiteElo "2475"]
[BlackElo "2180"]

1.d4 d5 2.Nf3 Nf6 3.c4 e6 4.g3 Be7 5.Bg2 O-O 6.O-O b6 7.Ne5 Bb7 8.Nc3 c6
9.Qa4 Qc8 10.cxd5 exd5 11.Qb3 Qd8 12.Rd1 Na6 13.Be3 Rc8 14.a3 Nb8 15.Qa2 Bd6
16.Nd3 Qe7 17.b4 a6 18.Bf4 Nbd7 19.Bxd6 Qxd6 20.a4 Rfe8 21.Qb2 Ne4 22.Na2 Qe7
23.a5 Nd6 24.Re1 Nc4 25.Qc3 bxa5 26.bxa5 Qa3 27.Qxa3 Nxa3 28.Nab4 Nb5 29.Bh3 Rc7
30.Bxd7 Rxd7 31.Nc5 Rc7 32.e3 Bc8 33.Rec1 Nd6 34.Ncxa6 Bxa6 35.Nxa6 Rcc8
36.Nc5 Ra8 37.a6 Nc4 38.Rcb1 Nd6 39.Rb6 Rec8 40.Kg2 Nc4 41.Rb7 Nd6 42.Rd7 Nb5
43.Rb7 Nd6 44.g4 Nc4 45.Nd7  1-0

[Event "Graz op"]
[Site "Graz"]
[Date "1996.??.??"]
[Round "?"]
[White "Wojtkiewicz, Aleksander"]
[Black "Detter, Peter"]
[Result "1-0"]
[WhiteElo "2550"]
[BlackElo "2220"]

1.Nf3 d5 2.c4 e6 3.d4 Nf6 4.g3 Be7 5.Bg2 O-O 6.Qc2 dxc4 7.Nbd2 c5 8.dxc5 Bxc5
9.O-O Nc6 10.Nxc4 Qe7 11.Bf4 h6 12.a3 Nd5 13.Bd2 a5 14.Rac1 b5 15.Nxa5 Bxf2+
16.Rxf2 Nxa5 17.e4 Nf6 18.Bb4 Qa7 19.Bc5 Qa6 20.Bxf8 Kxf8 21.Ne5  1-0

[Event "GRE-ch95"]
[Site "GRE"]
[Date "1996.??.??"]
[Round "3"]
[White "Nikolaidis, Ioannis"]
[Black "Sirigos, Nikolaos"]
[Result "1-0"]
[WhiteElo "2530"]
[BlackElo "2285"]

1.d4 Nf6 2.c4 e6 3.g3 d5 4.Bg2 Be7 5.Nf3 O-O 6.O-O c6 7.Nbd2 b6 8.Qc2 Ba6
9.b3 Nbd7 10.Bb2 Rc8 11.Rac1 c5 12.Qb1 cxd4 13.Nxd4 Bb4 14.Rfd1 Nc5 15.cxd5 exd5
16.N2f3 Nce4 17.Nc6 Rxc6 18.Rxc6 Bxe2 19.Rdc1 Ng4 20.Nd4 Ba6 21.Bxe4 dxe4
22.Qxe4 Nf6 23.Qh4 Qd5 24.Rxf6 gxf6 25.Nc6  1-0

[Event "Koop Tjuchem op"]
[Site "Groningen"]
[Date "1996.??.??"]
[Round "1"]
[White "Vandrey, Wolfgang"]
[Black "Kiriakov, Petr"]
[Result "1/2-1/2"]
[WhiteElo "2260"]
[BlackElo "2515"]

1.d4 e6 2.Nf3 Nf6 3.g3 d5 4.Bg2 Be7 5.c4 O-O 6.Qc2 c5 7.dxc5 Qa5+ 8.Qc3 Qxc5
9.cxd5 Nxd5 10.Qxc5 Bxc5 11.a3 Nc6 12.Bd2 Rd8 13.Nc3 Nf6 14.O-O Bd7 15.Rfd1 Be8
16.Bf4 h6 17.h3 Nh5 18.Bc7 Rxd1+ 19.Rxd1 Rc8 20.Bd6 Bxd6 21.Rxd6 Na5 22.Nd2 Nf6
23.f4 Kf8 24.Rd3 b6 25.Kf2 Ke7 26.e4 Nd7 27.b4 Nc4 28.Nxc4 Rxc4 29.Bf1 Rc8
30.e5 g5 31.Ne4 gxf4 32.gxf4 f6 33.exf6+ Nxf6 34.Nxf6 Kxf6 35.Re3 Rc2+ 36.Kg3 Bc6
37.Be2 Bd5 38.Bf3 Bc4 39.Bg4 Rd2 40.Bf3 Bd3 41.Bg4 Bc4 42.Bf3 a5 43.Rc3 Rd4
44.bxa5 bxa5 45.Re3 Rd2 46.Rc3 Rd4 47.Re3 Rd2  1/2-1/2

[Event "Hafnarfjordur op"]
[Site "Hafnarfjordur"]
[Date "1996.??.??"]
[Round "7"]
[White "Raetsky, Alexander"]
[Black "Viglundsson, Bjorgvin"]
[Result "1-0"]
[WhiteElo "2455"]
[BlackElo "2280"]

1.d4 Nf6 2.c4 e6 3.g3 d5 4.Nf3 Be7 5.Bg2 O-O 6.O-O c6 7.Qc2 b6 8.b3 Nbd7
9.Rd1 Ba6 10.Nbd2 b5 11.c5 b4 12.Re1 Bb5 13.e4 a5 14.e5 Ne8 15.a4 bxa3 16.Rxa3 Nc7
17.Bb2 Na6 18.Rea1 Nb4 19.Qd1 f6 20.Bc3 Nd3 21.exf6 Bxf6 22.Rxa5 Rxa5 23.Rxa5 e5
24.Ra7 e4 25.Bh3 N7xc5 26.Qa1 Nxf2 27.Kxf2 Nd3+ 28.Kg1 exf3 29.Nxf3 Qe8 30.Ne5 Bxe5
31.dxe5 c5 32.e6 d4 33.e7 Bc6 34.Bxd4 cxd4 35.exf8=Q+ Kxf8 36.Qxd4 Ne5 37.Qd6+ Kg8
38.Be6+ Kh8 39.Qxe5 Qf8 40.Rf7  1-0

[Event "Hallsberg op"]
[Site "Hallsberg"]
[Date "1996.??.??"]
[Round "9"]
[White "Leito, Priit"]
[Black "Tisdall, Jonathan D"]
[Result "1/2-1/2"]
[WhiteElo "2310"]
[BlackElo "2510"]

1.c4 e6 2.g3 d5 3.Bg2 Nf6 4.Nf3 Be7 5.d4 O-O 6.O-O dxc4 7.Ne5 Nc6 8.Nxc6 bxc6
9.Bxc6 Rb8 10.Nc3 Nd5 11.Qa4 Nb4 12.Bg2 Rb6 13.a3 Ra6 14.Qd1 Nc6 15.Be3 Bf6
16.Rc1 Bxd4 17.Bxd4 Nxd4 18.Ne4 Rb6 19.Rxc4 e5 20.Nc5 Rxb2 21.e3 Ne6 22.Qc1 Ra2
23.Nxe6 Bxe6 24.Rxc7  1/2-1/2

[Event "Helsinki We op"]
[Site "Helsinki"]
[Date "1996.??.??"]
[Round "1"]
[White "Veingold, Aleksandr"]
[Black "Hurme, Harri M"]
[Result "1-0"]
[WhiteElo "2425"]
[BlackElo "2235"]

1.d4 Nf6 2.Nf3 d5 3.c4 e6 4.g3 Be7 5.Bg2 O-O 6.O-O c6 7.Nbd2 b5 8.c5 a5 9.Re1 Ne4
10.Ne5 f6 11.Nd3 e5 12.dxe5 Nxc5 13.exf6 Rxf6 14.Nxc5 Bxc5 15.Ne4 Nd7 16.Nxc5 Nxc5
17.Bg5 Ne6 18.Bxf6 Qxf6 19.Rc1 Bb7 20.e4 Rd8 21.exd5 cxd5 22.Qe2 Nd4 23.Qe7 Bc6
24.Qxf6 gxf6 25.Rcd1 Nc2 26.Re6  1-0

[Event "HUN-chT1 9596"]
[Site "HUN"]
[Date "1996.??.??"]
[Round "9"]
[White "Kiss, Attila"]
[Black "Zsinka, Laszlo"]
[Result "1-0"]
[WhiteElo "2380"]
[BlackElo "2355"]

1.d4 Nf6 2.c4 e6 3.g3 d5 4.Bg2 Be7 5.Nf3 O-O 6.O-O b6 7.Nc3 Bb7 8.Ne5 Na6
9.b3 Qc8 10.cxd5 exd5 11.Bg5 Rd8 12.Rc1 h6 13.Bxf6 Bxf6 14.f4 c5 15.e3 Qe6
16.Qh5 Nc7 17.Na4 Ba6 18.Rfd1 c4 19.e4 Bxe5 20.fxe5 Rab8 21.Nc3 cxb3 22.axb3 Bb7
23.Rd2 dxe4 24.Nxe4 Nb5 25.Rcd1 Bxe4 26.Bxe4 Qxb3 27.Rd3 Qc4 28.Qf5 g6 29.Qf6 Qe6
30.Qf4 h5 31.d5 Qg4 32.Qxg4 hxg4 33.d6 Rbc8 34.Bb7 Rc5 35.Rd5 Nc3 36.Rxc5 bxc5
37.Ra1 Nb5 38.Ra5 Nd4 39.Rxc5 Kf8 40.Kf2 Ke8 41.Ke3 Nf5+ 42.Kf4 f6 43.Be4 fxe5+
44.Kxe5 Nxd6 45.Bxg6+ Kf8 46.Bh5 Nf7+ 47.Kf4 Nh6 48.Kg5 Nf7+ 49.Kxg4 Nd6
50.Kf4 Kg7 51.Ke5 a5 52.Rc7+ Kh6 53.Bf3 Rf8 54.Bd5 Nf5 55.Be6 Ng7 56.Bf7 Ra8
57.Rc6+ Kh7 58.Rc4 Ne8 59.Bd5 Ra7 60.Bc6 Re7+ 61.Kf4 Nf6 62.g4 Kg7 63.g5 Ng8
64.Rd4 Rf7+ 65.Kg4 Ne7 66.Be4 Rf1 67.Rd7 Kf8 68.h4 Re1 69.Kf4 Rf1+ 70.Ke5 Re1
71.h5 a4 72.h6 a3 73.Kf6 Ng8+ 74.Kg6 Rxe4 75.h7 Ne7+ 76.Rxe7 Kxe7 77.h8=Q Re6+
78.Kf5  1-0

[Event "HUN-chT2 9596"]
[Site "HUN"]
[Date "1996.??.??"]
[Round "10"]
[White "Horvath, Csaba"]
[Black "Hardicsay, Peter"]
[Result "1-0"]
[WhiteElo "2500"]
[BlackElo "2365"]

1.d4 Nf6 2.Nf3 e6 3.g3 d5 4.c4 Be7 5.Bg2 O-O 6.O-O b6 7.Nc3 Bb7 8.Ne5 a6
9.Qc2 Ra7 10.cxd5 exd5 11.Rd1 c5 12.Be3 c4 13.b3 cxb3 14.Qxb3 h6 15.a4 a5
16.Rab1 Bb4 17.Na2 Na6 18.Nxb4 Nxb4 19.Bd2 Nc6 20.Nxc6 Bxc6 21.Qxb6 Qd7 22.Rdc1 Bxa4
23.Bxa5 Rfa8 24.Bd2 Ra6 25.Qc7 Qg4 26.Bf3 Qh3 27.Rb8+ Rxb8 28.Qxb8+ Kh7 29.Qb7 Re6
30.Qxf7 Be8 31.Qb7 Ng4 32.Bxg4 Qxg4 33.Be3 Qe4 34.Rc7 Rg6 35.Re7 Qc2 36.Rxe8 Qd1+
37.Kg2 Qxe2 38.Qxd5 Qg4 39.Qg8+  1-0

[Event "HUN-chT1 9596"]
[Site "HUN"]
[Date "1996.??.??"]
[Round "11"]
[White "Kozma, Karoly"]
[Black "Korpics, Zsolt"]
[Result "1/2-1/2"]
[WhiteElo "2340"]
[BlackElo "2315"]

1.d4 Nf6 2.c4 e6 3.g3 d5 4.Bg2 Be7 5.Nf3 O-O 6.O-O dxc4 7.Qc2 a6 8.Qxc4 b5
9.Qc2 Bb7 10.Bf4 Nd5 11.Nc3 Nxf4 12.gxf4 Nd7 13.Rfd1 Qc8 14.Ne4 c5  1/2-1/2

[Event "HUN-chT1 9596"]
[Site "HUN"]
[Date "1996.??.??"]
[Round "11"]
[White "Kiss, Attila"]
[Black "Farkas, Gyula"]
[Result "0-1"]
[WhiteElo "2380"]
[BlackElo "2215"]

1.d4 Nf6 2.g3 e6 3.Bg2 d5 4.c4 Be7 5.Nf3 O-O 6.O-O dxc4 7.Na3 Bxa3 8.bxa3 Nbd7
9.Qc2 Nb6 10.Bb2 Bd7 11.Ne5 Ba4 12.Qc1 c6 13.Nxc4 Bb5 14.Nxb6 axb6 15.Re1 Ra4
16.e4 Bc4 17.f4 b5 18.Bf3 Qb6 19.g4 Rd8 20.g5 Ne8 21.Qe3 Nd6 22.Kh1 Raa8
23.h4 Rf8 24.Rg1 b4 25.h5 f5 26.gxf6 Rxf6 27.Rg4 Rf7 28.Rag1 Ra5 29.Rxg7+ Kf8
30.Rxf7+ Nxf7 31.axb4 Rxa2 32.Qc3 Qd8 33.Rg4 Qf6 34.Bc1 b5 35.Be3 Nh6 36.Rg5 Nf7
37.Rg4 Nh6 38.Rg5 Nf7 39.e5 Nxg5 40.exf6 Nxf3 41.Bg1 Bd5 42.Qc5+ Kg8 43.Bf2 Rxf2
44.f7+ Kxf7  0-1

[Event "HUN-chT1 9596"]
[Site "HUN"]
[Date "1996.??.??"]
[Round "13"]
[White "Lengyel, Levente"]
[Black "Fancsy, Imre"]
[Result "1/2-1/2"]
[WhiteElo "2365"]
[BlackElo "2365"]

1.c4 e6 2.Nf3 Nf6 3.g3 d5 4.d4 Be7 5.Bg2 O-O 6.O-O dxc4 7.Qc2 a6 8.Qxc4 b5
9.Qc2 Bb7 10.Bf4 Nd5 11.Nc3 Nxf4 12.gxf4 Nc6 13.Rfd1 Nb4 14.Qb1 Qc8 15.Ne5 Bd6
16.e3 Bxg2 17.Kxg2 f6 18.Nf3 e5 19.f5 g6  1/2-1/2

[Event "HUN-chT1 9596"]
[Site "HUN"]
[Date "1996.??.??"]
[Round "13"]
[White "Kustar, Sandor"]
[Black "Koczka, Zsolt"]
[Result "1/2-1/2"]
[WhiteElo "2435"]
[BlackElo "2310"]

1.Nf3 d5 2.c4 e6 3.g3 Nf6 4.Bg2 Be7 5.d4 O-O 6.O-O b6 7.cxd5 Nxd5 8.e4 Nf6
9.Nc3 Bb7 10.Ne5 Nbd7 11.Nc4 Bb4 12.Re1 b5 13.Na3 a6 14.Nc2 Ba5 15.b4 Bb6
16.a4 bxa4 17.Nxa4 Ba7 18.Ra3 h6 19.h4 Re8 20.Bf4 e5 21.Be3 Bxe4 22.Bxe4 Nxe4
23.dxe5 Nxe5 24.Bxa7 Qxd1 25.Rxd1 Rxa7 26.Re1 Nc4 27.Raa1 a5 28.Nc5 Ned6
29.Rxe8+ Nxe8 30.Nd4 a4 31.Nc6 Ra8 32.Rxa4 Rxa4 33.Nxa4 f6 34.Nc5 Kf7 35.Kg2 g5
36.f4 gxf4 37.gxf4 Ncd6 38.Nd4 f5 39.Nde6 Kf6 40.Kf3 Ne4 41.Nd4 Nc3 42.Nd7+ Kg6
43.Ne5+ Kf6 44.Nc4 Nd5 45.Nc2 Kg6 46.N4e3 Nef6 47.h5+  1/2-1/2

[Event "Chess.net m1 blitz"]
[Site "Internet"]
[Date "1996.??.??"]
[Round "3"]
[White "Wojtkiewicz, Aleksander"]
[Black "Karpov, Anatoly"]
[Result "0-1"]
[WhiteElo "2525"]
[BlackElo "2775"]

1.Nf3 Nf6 2.c4 e6 3.g3 d5 4.Bg2 Be7 5.d4 O-O 6.Qc2 c5 7.O-O cxd4 8.Nxd4 Nc6
9.Nxc6 bxc6 10.Rd1 Ba6 11.Nd2 Qb6 12.b3 Ng4 13.e3 Bf6 14.Rb1 Rfd8 15.h3 Ne5
16.Bb2 Rac8 17.Bd4 c5 18.Bxe5 Bxe5 19.e4 dxe4 20.Bxe4 g6 21.Nf3 Bg7 22.Rxd8+ Rxd8
23.Rd1 f5 24.Rxd8+ Qxd8 25.Bd3 e5 26.Be2 Bb7 27.Nd2 Qd6 28.Nf1 Qc6 29.f3 Qd6
30.Kg2 Qd4 31.Qc1 Bf6 32.Qc2 Kg7 33.Qd2 e4 34.Qc2 g5 35.Qd2 h6  0-1

[Event "ISR-chT"]
[Site "Israel"]
[Date "1996.??.??"]
[Round "10"]
[White "Mikhalevski, Victor"]
[Black "Bruk, Ofer"]
[Result "1/2-1/2"]
[WhiteElo "2495"]
[BlackElo "2430"]

1.d4 Nf6 2.c4 e6 3.Nf3 d5 4.g3 Be7 5.Bg2 O-O 6.Nbd2 c5 7.dxc5 Bxc5 8.O-O b6
9.a3 Bb7 10.b4 Be7 11.Bb2 Nbd7 12.cxd5 Bxd5 13.Qb1 a5 14.b5 Nc5 15.Rd1 Qc7
16.Ne5 Rad8 17.Qc2 Nfd7 18.Bxd5 Nxe5 19.Bg2 Rc8 20.Nf3 Nxf3+ 21.exf3 Rfd8
22.f4 Nd3 23.Qxc7 Rxc7 24.Be5 Nxe5 25.Rxd8+ Bxd8 26.fxe5 Rc2 27.Be4 Re2 28.Bf3 Rxe5
29.Rc1 Kf8 30.a4 f5 31.Kf1 Ke7 32.Rc6 Kd7 33.h4 g6 34.Bg2 h6 35.Bf3 g5 36.hxg5 hxg5
37.g4 fxg4 38.Bxg4 Re4 39.Bd1 Bc7 40.Bb3 Re5 41.f3 Re3 42.Bd1 Ra3 43.Kf2 Ra2+
44.Kf1 Ra3 45.Ke2 Ra2+ 46.Kd3 Ra3+ 47.Ke2 Bd8 48.Bc2 Ra2 49.Kd3  1/2-1/2

[Event "Jakarta"]
[Site "Jakarta"]
[Date "1996.??.??"]
[Round "?"]
[White "Ardiansyah, Haji"]
[Black "Juswanto, Denny"]
[Result "1-0"]
[WhiteElo "2430"]
[BlackElo "2405"]

1.d4 Nf6 2.c4 e6 3.g3 d5 4.Bg2 Be7 5.Nf3 O-O 6.O-O b6 7.cxd5 Nxd5 8.e4 Nf6
9.Nc3 Bb7 10.Re1 Nbd7 11.a3 Re8 12.Bf4 a6 13.Qc2 Rc8 14.Rad1 Bf8 15.e5 Nd5
16.Ng5 g6 17.Nxd5 Bxd5 18.Bxd5 exd5 19.e6 fxe6 20.Nxe6 Qf6 21.Qc6 Nb8 22.Qxd5 c6
23.Qb3 Qf7 24.Rd3 Nd7 25.Rf3 Bg7 26.Bg5 Nf6 27.Ree3 Bh8 28.Bxf6 Bxf6 29.Rxf6 Qxf6
30.Nd8+ Kg7 31.Rxe8 Rxd8 32.Qg8+  1-0

[Event "Jakarta"]
[Site "Jakarta"]
[Date "1996.??.??"]
[Round "?"]
[White "Adianto, Utut"]
[Black "Barus, Cerdas"]
[Result "1-0"]
[WhiteElo "2605"]
[BlackElo "2410"]

1.d4 Nf6 2.c4 e6 3.g3 d5 4.Bg2 Be7 5.Nf3 O-O 6.O-O dxc4 7.Qc2 a6 8.a4 Nc6
9.Qxc4 Nb4 10.Bf4 Nfd5 11.Nc3 Nxf4 12.gxf4 Nd5 13.e3 a5 14.Ne5 c6 15.Ne4 Kh8
16.Nc5 f6 17.Nf3 b6 18.Nd3 Ba6 19.Qc2 Rc8 20.Rfd1 Qe8 21.Nde1 Bd6 22.Nd2 Bb8
23.Ne4 Nb4 24.Qb3 Qe7 25.Nc2 Nd5 26.Ng3 Qd8 27.Ne1 Re8 28.Rac1 Bd6 29.Be4 g6
30.Nf3 Nb4 31.Ne5 Bxe5 32.dxe5 Qe7 33.Rd6 f5 34.Bf3 Rc7 35.Rcd1 Bc8 36.Qc3 Rg8
37.Qd4 c5 38.Qc4 g5 39.Rxb6 gxf4 40.exf4 Qh4 41.Kg2 Nd5 42.Bxd5 exd5 43.Qxd5 Qxf4
44.e6 h5 45.Qf3 Bb7 46.Rxb7 Qxf3+ 47.Kxf3 Rxb7 48.Nxf5 Rxb2 49.e7 Rbb8 50.Nd6 c4
51.Rd5 Kg7 52.Rg5+ Kf6 53.Rxg8 Rb3+ 54.Kg2  1-0

[Event "Jarvenpaa op"]
[Site "Jarvenpaa"]
[Date "1996.??.??"]
[Round "6"]
[White "Veingold, Aleksandr"]
[Black "Pihlajasalo, Antti"]
[Result "1-0"]
[WhiteElo "2425"]
[BlackElo "2190"]

1.d4 d5 2.Nf3 e6 3.g3 Nf6 4.Bg2 Be7 5.c4 O-O 6.O-O c6 7.Nbd2 b6 8.b3 Bb7
9.Bb2 Nbd7 10.Qc2 Rc8 11.Rac1 Qc7 12.Rfd1 Rfd8 13.e4 dxe4 14.Nxe4 Nxe4 15.Qxe4 c5
16.Qe2 cxd4 17.Nxd4 Bxg2 18.Kxg2 Qb7+ 19.Qf3 Qxf3+ 20.Kxf3 Bf6 21.Ke2 Nc5
22.Ba1 e5 23.Nb5 Ne6 24.Rxd8+ Rxd8 25.Rd1 Nd4+ 26.Nxd4 exd4 27.Kd3 h5 28.Re1 g5
29.Re4 Bg7 30.g4 Rd6 31.h3 hxg4 32.hxg4 b5 33.cxb5 a6 34.b6 Rxb6 35.Bxd4 Rd6
36.Ke3 Rc6 37.Bxg7 Kxg7 38.Re5 f6 39.Ra5 Rd6 40.b4 Kf7 41.f3 Re6+ 42.Kd3 Rd6+
43.Kc4 Ke6 44.Rc5 Ke7 45.Rd5 Rc6+ 46.Kb3 Ke6 47.Rd3 Ke5 48.Ka4 f5 49.gxf5 Kxf5
50.Ka5 Kf4 51.a4 Re6 52.b5 axb5 53.axb5 Re5 54.Ka6 Re1 55.b6 Rb1 56.b7 Ra1+
57.Kb6 Rb1+ 58.Kc7 Rc1+ 59.Kb8  1-0

[Event "ISR-ch"]
[Site "Jerusalem"]
[Date "1996.??.??"]
[Round "7"]
[White "Mikhalevski, Alexander"]
[Black "Volman, Horassio"]
[Result "1-0"]
[WhiteElo "2460"]
[BlackElo "2210"]

1.d4 d5 2.c4 e6 3.Nf3 Nf6 4.g3 Be7 5.Bg2 O-O 6.O-O c6 7.Qc2 Ne4 8.b3 Nd7
9.Ne1 f5 10.Nd3 Qe8 11.e3 Rf6 12.f3 Nd6 13.Nd2 g5 14.Bb2 Qh5 15.e4 Rh6 16.h3 fxe4
17.fxe4 Nxe4 18.Nxe4 dxe4 19.Nf2 Nf6 20.Nxe4 Bd7 21.d5 Nxe4 22.Qxe4 Bc5+
23.Kh2 g4 24.dxe6 Rxe6 25.Rf5 Rxe4 26.Rxh5 Re2 27.Rg5+ Kf7 28.Rf1+ Ke7 29.Bf6+ Ke6
30.Rxc5 gxh3 31.Re5+ Rxe5 32.Bxh3+ Kd6 33.Bxe5+ Kxe5 34.Bxd7  1-0

[Event "IND-ch"]
[Site "Kasaragod"]
[Date "1996.??.??"]
[Round "11"]
[White "Koshy, Varugeese"]
[Black "Mishra, Neeraj Kumar"]
[Result "1/2-1/2"]
[WhiteElo "2410"]
[BlackElo "2390"]

1.c4 Nf6 2.g3 e6 3.Bg2 d5 4.Nf3 Be7 5.d4 O-O 6.Qc2 dxc4 7.Qxc4 a6 8.Bf4 Nd5
9.Nc3 Nxf4 10.gxf4 Nd7  1/2-1/2

[Event "IND-ch"]
[Site "Kasaragod"]
[Date "1996.??.??"]
[Round "14"]
[White "Mishra, Neeraj Kumar"]
[Black "Ravi, Thandalam Shanmugam"]
[Result "1/2-1/2"]
[WhiteElo "2390"]
[BlackElo "2345"]

1.d4 Nf6 2.c4 e6 3.g3 d5 4.Bg2 Be7 5.Nf3 O-O 6.Qc2 dxc4 7.Qxc4 a6 8.Bf4 Nd5
9.Nc3 b5 10.Qd3 Bb7 11.Nxd5 Bxd5 12.O-O Nd7 13.Rfd1 Nf6 14.Ne5 Bxg2 15.Kxg2 Qd5+
16.Qf3 Ne4 17.Rac1 Bd6 18.Nc6 Rfe8 19.Bxd6 cxd6 20.Nb4 Qb7 21.d5 a5 22.Qxe4 axb4
23.Rc2 Rxa2 24.Qxb4 Ra6 25.f3 exd5 26.Qb3 Re5 27.Rxd5 g6 28.Rxe5 dxe5 29.Rc5 e4
30.Rxb5 exf3+ 31.exf3 Qe7 32.Rb8+ Kg7 33.Qc3+ f6 34.Rg8+ Kxg8 35.Qc8+ Kg7
36.Qxa6 Qe3 37.Qf1 h5 38.Qf2 Qb3 39.Qd2 g5 40.h3 Qb7 41.g4 h4 42.b4 Qb8 43.Qe1 Kf7
44.Kh1 Qf4 45.Kg2 Qb8 46.f4 Qxf4 47.Qc3 Ke7 48.b5 Kd7 49.Kg1 Qd6 50.Kf1 Qf4+
51.Ke2 Qe4+ 52.Qe3 Qg2+ 53.Ke1 Qg3+ 54.Kd2 Qh2+ 55.Kd3 Kc7 56.Qa7+ Kc8 57.Qa8+ Kc7
58.Qc6+ Kb8 59.Qe8+ Kc7 60.Qe7+ Kb8 61.Qe3 Kc7 62.Kc4 Qa2+ 63.Kb4 Qb2+ 64.Kc5 Qc2+
65.Kd5 Qa2+ 66.Ke4 Qe6+ 67.Kf3 Qd5+ 68.Kf2 Qxb5 69.Qe7+ Qd7 70.Qxf6 Qd2+
71.Kg1 Qe3+ 72.Qf2 Qxf2+ 73.Kxf2 Kd6 74.Ke2 Kc5 75.Ke3 Kd5 76.Kd3  1/2-1/2